| 000 | 00445nam a2200181Ia 4500 | ||
|---|---|---|---|
| 001 | 1049 | ||
| 005 | 20260306140603.0 | ||
| 008 | 260306t2002||||xx |||||||||||||| ||spa|| | ||
| 041 | _aESP | ||
| 082 |
_a180 _bH59 V. 1 |
||
| 100 |
_aGoñi Zubieta, Carlos _eAUT |
||
| 245 | 0 |
_aHistoria de la filosofía: _bfilosofía antigua |
|
| 260 | _c2002 | ||
| 300 |
_a346 páginas : _c21 cm. |
||
| 650 | _aGEN | ||
| 654 | _aCHU | ||
| 942 |
_cLIB _dJUS _fJUS _2ddc _n |
||
| 999 |
_c1049 _d1049 |
||